<?xml version="1.0" encoding="UTF-8"?>
<record
    xmlns:xsi="http://www.w3.org/2001/XMLSchema-instance"
    xsi:schemaLocation="http://www.loc.gov/MARC21/slim http://www.loc.gov/standards/marcxml/schema/MARC21slim.xsd"
    xmlns="http://www.loc.gov/MARC21/slim">

  <leader>00424nam a22001457a 4500</leader>
  <datafield tag="020" ind1=" " ind2=" ">
    <subfield code="a">9789699290114</subfield>
  </datafield>
  <datafield tag="082" ind1=" " ind2=" ">
    <subfield code="a">297.4</subfield>
    <subfield code="b">BAH</subfield>
  </datafield>
  <datafield tag="100" ind1=" " ind2=" ">
    <subfield code="a">Bahu, Sultan</subfield>
  </datafield>
  <datafield tag="245" ind1=" " ind2=" ">
    <subfield code="a">Israr e Qadri /</subfield>
    <subfield code="c">Sultan Bahu and Translated by Syed Ameer Khan Niazi</subfield>
  </datafield>
  <datafield tag="260" ind1=" " ind2=" ">
    <subfield code="a">Lahore :</subfield>
    <subfield code="b">Al-Arifeen Publications,</subfield>
    <subfield code="c">2018.</subfield>
  </datafield>
  <datafield tag="300" ind1=" " ind2=" ">
    <subfield code="a">177 p. ;</subfield>
    <subfield code="c">22 cm.</subfield>
  </datafield>
  <datafield tag="563" ind1=" " ind2=" ">
    <subfield code="a">HBK.</subfield>
  </datafield>
  <datafield tag="880" ind1=" " ind2=" ">
    <subfield code="6">245-02\r</subfield>
    <subfield code="a">&#x627;&#x633;&#x631;&#x627;&#x631;&#x627;&#x644;&#x642;&#x627;&#x62F;&#x631;&#x6CC; /</subfield>
  </datafield>
  <datafield tag="942" ind1=" " ind2=" ">
    <subfield code="2">ddc</subfield>
    <subfield code="c">BK</subfield>
  </datafield>
  <datafield tag="999" ind1=" " ind2=" ">
    <subfield code="c">590289</subfield>
    <subfield code="d">590289</subfield>
  </datafield>
  <datafield tag="952" ind1=" " ind2=" ">
    <subfield code="0">0</subfield>
    <subfield code="1">0</subfield>
    <subfield code="2">ddc</subfield>
    <subfield code="4">0</subfield>
    <subfield code="6">297_400000000000000_BAH</subfield>
    <subfield code="7">0</subfield>
    <subfield code="9">581249</subfield>
    <subfield code="a">CL</subfield>
    <subfield code="b">CL</subfield>
    <subfield code="c">ISL</subfield>
    <subfield code="d">2022-07-13</subfield>
    <subfield code="e">Donated by Muslim Institute </subfield>
    <subfield code="l">0</subfield>
    <subfield code="o">297.4 BAH</subfield>
    <subfield code="p">CL-D-1817</subfield>
    <subfield code="r">2022-07-13</subfield>
    <subfield code="w">2022-07-13</subfield>
    <subfield code="y">BK</subfield>
  </datafield>
</record>
